Reform of UK local government domestic property taxes (Record no. 61489)

MARC details
000 -LEADER
fixed length control field 00875cam a2200253 4500
001 - CONTROL NUMBER
control field ABS61628
008 - FIXED-LENGTH DATA ELEMENTS--GENERAL INFORMATION
fixed length control field 000000n1999 000 0 eng u
035 ## - SYSTEM CONTROL NUMBER
System control number (Sirsi) u102477
100 ## - MAIN ENTRY--PERSONAL NAME
Personal name Plimmer, F.
245 ## - TITLE STATEMENT
Title Reform of UK local government domestic property taxes
260 ## - PUBLICATION, DISTRIBUTION, ETC.
Date of publication, distribution, etc. 1999
490 ## - SERIES STATEMENT
Series statement Property Management
Volume/sequential designation 17(4) 1999, 336-352(9)
520 ## - SUMMARY, ETC.
Summary, etc. Discusses council tax in Great Britain and rates in Northern Ireland as a way of funding local government, and makes suggestions for improvements in this form of taxation to solve the problems of a lack of vertical and horizontal equity and regressivity. References.
590 ## - LOCAL NOTE (RLIN)
Local note ABS
650 ## - SUBJECT ADDED ENTRY--TOPICAL TERM
Topical term or geographic name entry element COUNCIL TAX
650 ## - SUBJECT ADDED ENTRY--TOPICAL TERM
Topical term or geographic name entry element RATES
650 ## - SUBJECT ADDED ENTRY--TOPICAL TERM
Topical term or geographic name entry element PROPERTY TAXES
650 ## - SUBJECT ADDED ENTRY--TOPICAL TERM
Topical term or geographic name entry element REFORM
650 ## - SUBJECT ADDED ENTRY--TOPICAL TERM
Topical term or geographic name entry element EQUITY
690 ## - LOCAL SUBJECT ADDED ENTRY--TOPICAL TERM (OCLC, RLIN)
Topical term or geographic name as entry element TAXATION
700 ## - ADDED ENTRY--PERSONAL NAME
Personal name McCluskey, W.J.
700 ## - ADDED ENTRY--PERSONAL NAME
Personal name Connellan, O.
942 ## - ADDED ENTRY ELEMENTS (KOHA)
Suppress in OPAC 0
Holdings
Withdrawn status Lost status Source of classification or shelving scheme Damaged status Not for loan Home library Current library Shelving location Date acquired Total Checkouts Full call number Barcode Date last seen Copy number Price effective from Koha item type
    Dewey Decimal Classification     London London Journal article 22/11/1999   ABS61628 102477-1001 06/08/2019 1 06/08/2019 Journal article